书目信息 |
| 题名: |
家庭四季风味小吃
|
|
| 作者: | 茅建民 编著 | |
| 分册: | ||
| 出版信息: | 南京 江苏科学技术出版社 2000 |
|
| 页数: | 198页 | |
| 开本: | 19cm | |
| 丛书名: | 新编家庭美食小丛书 | |
| 单 册: | ||
| 中图分类: | TS972.142 | |
| 科图分类: | ||
| 主题词: | 食谱--中国 , 食谱 | |
| 电子资源: | ||
| ISBN: | 7-5345-3061-X | |
| 000 | 00814nam2 2200265 45 | |
| 001 | 012001007359 | |
| 005 | 20090925091424.69 | |
| 010 | @a7-5345-3061-X@dCNY8.20 | |
| 100 | @a20010212d2000 em y0chiy0121 ea | |
| 101 | 0 | @achi |
| 102 | @aCN@b320000 | |
| 105 | @ay z 000yy | |
| 200 | 1 | @a家庭四季风味小吃@AJia Ting Si Ji Feng Wei Xiao Chi@f茅建民编著 |
| 210 | @a南京@c江苏科学技术出版社@d2000 | |
| 215 | @a198页@d19cm | |
| 225 | 2 | @a新编家庭美食小丛书 |
| 330 | @a本书介绍京鲁风味、川菜风味、淮扬风味、粤菜风味的四季风味小吃328种,包括其特点、原料、制作方法等。 | |
| 461 | 0 | @12001 @a新编家庭美食小丛书 |
| 606 | 0 | @a食谱@y中国 |
| 606 | 0 | @a食谱 |
| 690 | @aTS972.142@v4 | |
| 701 | 0 | @a茅建民@AMao Jian Min@4编著 |
| 801 | @aCN@bahty@c20090925 | |
| 905 | @aBZT@dTS972.142@e3 | |
| 906 | @dCNY8.20@n0@r1 | |
| 家庭四季风味小吃/茅建民编著.-南京:江苏科学技术出版社,2000 |
| 198页;19cm.-(新编家庭美食小丛书) |
| ISBN 7-5345-3061-X:CNY8.20 |
| 本书介绍京鲁风味、川菜风味、淮扬风味、粤菜风味的四季风味小吃328种,包括其特点、原料、制作方法等。 |
| ● |
| 相关链接 |
|
|
|
正题名:家庭四季风味小吃
索取号:TS972.142/3
 
预约/预借
| 序号 | 登录号 | 条形码 | 馆藏地/架位号 | 状态 | 备注 |
| 1 | 386330 | 210165088 | 中心书库中库/ 中库024架A面4列7层21/ [索取号:TS972.142/3] | 在馆 | |
| 2 | 386331 | 210165097 | 中心书库中库/ 中库024架A面4列7层23/ [索取号:TS972.142/3] | 在馆 | |
| 3 | 386332 | 210165104 | 中心书库中库/ 中库024架A面4列7层24/ [索取号:TS972.142/3] | 在馆 | |
| 4 | 386333 | 210165113 | 中心书库中库/ 中库024架A面4列7层19/ [索取号:TS972.142/3] | 在馆 | |
| 5 | 386334 | 210165122 | 中心书库中库/ 中库024架A面4列7层22/ [索取号:TS972.142/3] | 在馆 | |
| 6 | 386335 | 210165131 | 中心书库中库/ 中库024架A面4列7层18/ [索取号:TS972.142/3] | 在馆 | |
| 7 | 386336 | 210165140 | 中心书库中库/ 中库024架A面4列7层20/ [索取号:TS972.142/3] | 在馆 | |
| 8 | 386337 | 210165159 | 中心书库中库/ 中库024架A面4列7层26/ [索取号:TS972.142/3] | 在馆 | |
| 9 | 386338 | 210165168 | 中心书库中库/ 中库024架A面4列7层25/ [索取号:TS972.142/3] | 在馆 |